000 01271cam a2200337 i 4500
001 bg
003 KOSZ 005
005 20220322083201.0
008 081125s1961 pl a f |000 0 pol
015 _aPB 1961/5612
040 _aWA N
_cKOSZ 005/HR
_dKOSZ 005/HR
080 _a621.37
080 _a621.38
100 1 _aBaranowski, Jerzy
_c(nauki techniczne).
245 0 0 _aTranzystorowe układy impulsowe /
_cJ. Baranowski, T. Jankowski.
260 _aWarszawa :
_bWydawnictwa Naukowo-Techniczne,
_c1961.
300 _a264, [4] s. :
_bil. ;
_c21 cm.
490 1 _aUkłady tranzystorowe / koordynatorzy W. Golde, W. Rosiński ;
_v5.
504 _aBibliogr.
521 8 _aDla techników i inżynierów elektroniki.
580 _a1 poz. 3292/61.
650 4 _aTechnika impulsów
_xurządzenia.
650 4 _aTranzystory
700 1 _aGolde, Wiktor
_d(1921-1983).
_eOprac.
700 1 _aRosiński, Witold
_d(1911-2009).
_eOprac.
710 2 _aWydawnictwa Naukowo-Techniczne
_4pbl.
700 1 _aJankowski, Tadeusz
_d(1940- )
_eAutor
830 0 _aUkłady tranzystorowe ;
_v5.
856 _uhttp://koha.tu.koszalin.pl/cgi-bin/koha/opac-detail.pl?biblionumber=10534
_yKatalog online BPK
942 _2UKD
_cKS
999 _c10534
_d10534